| 000 | 01139nam2a22002531 4500 | ||
|---|---|---|---|
| 001 | RU\NLR\INFOCOMM33\1000010631 | ||
| 005 | 20250617143513.0 | ||
| 035 | _a(NLR Aleph) 002712175 | ||
| 090 |
_a1802848 _c1802848 |
||
| 100 | _a20040225d1929 |||y0rusy50 ca | ||
| 101 | 0 | _arus | |
| 102 | _aRU | ||
| 105 | _ay ||||||||| | ||
| 200 | 1 |
_aБохай _fЗ.Н. Матвеев |
|
| 210 |
_d1929 _aБ. м. |
||
| 461 | 0 |
_1001RU\NLR\INFOCOMM33\1000010623 _12001#$aТруды Государственного Дальневосточного университета$hСерия 6$v№7[1] _91802815 _aДальневосточный университет (Владивосток) _cВладивосток _d1926-1930 _hСерия 6 _tТруды Государственного Дальневосточного университета _v№7[1] |
|
| 700 | 1 |
_4070 _7ca _8rus _aМатвеев _bЗ. Н. _cвостоковед _f1889-1939 _gЗотик Николаевич _9215009 _3RU\NLR\AUTH\770215065 |
|
| 801 | 1 |
_aRU _bInfoComm _c20040225 |
|
| 801 | 0 |
_aRU _bNLR _gPSBO |
|
| 852 |
_aNLR _j37/2618 |
||
| 942 | _cISSUE | ||
| 980 | _aNB | ||
| 980 | _aRUSPER | ||